000
00272nam a22001337a 4500
003
SGT
082
_a
515,DAH
100
_a
DAHIYA, R. K.
245
_a
CALCULUS
260
_a
MEERUT
_b
PRAGATI PRAKASHAN
_c
2016
300
_a
392
650
_a
ANALYSIS
942
_2
ddc
_c
FPS
_0
21
999
_c
10060
_d
10060